000 00684nam a2200229Ia 4500
003 OSt
005 20220916110919.0
006 a|||||r|||| 00| 0
007 ta
008 220915b |||||||| |||| 00| 0 hin d
024 _a215565
037 _cTextbook
040 _bhin
_aARTS
_cARTS
041 _ahin
082 _aO9, 152K22(TTPH)
100 _aमहेन्द्र, संपा.
245 0 _aहिन्दी आलोचना: सिद्धांत और विवेचन
246 _aSāhitya parichaya
260 _c1962
942 _hO9, 152K22(TTPH)
_cTB
_2CC
999 _c101214
_d101214